000 00688nam a2200217 i 4500
001 110028
003 ES-MaACL
005 20240522201524.0
007 t|
008 061121s1968 sp a |||| | spa d
080 _a82-91.09
100 1 _aMoix, Terenci.
_981822
245 1 5 _aLos "comics"
_b: arte para el consumo y formas "pop" /
_cRamón-Terenci Moix ; prólogo de Joaquím Marco.
250 _a1ª ed.
260 _aBarcelona :
_bLlibres de Sinera,
_c1968.
300 _a304 p. :
_bil. ;
_c20 cm.
650 7 _aCómics-
_xHistoria y crítica
_2
_9148172
700 1 _aMarco, Joaquín,
_d1935-2020
_976466
852 _aES-MaACL
_jC-50530
999 _c110028
_d110028